[Event "Titled Tuesday intern op 14th Dec"]
[Site "Chess.com INT"]
[Date "2021.12.14"]
[Round "6"]
[White "Gedgafov, Chamal"]
[Black "Havas, Ladislav"]
[Result "1-0"]
[WhiteElo "2198"]
[BlackElo "2216"]
[PlyCount "75"]
[EventDate "2021.12.14"]
[EventType "swiss (blitz)"]
[EventRounds "11"]
[EventCountry "USA"]
[SourceTitle "EXT 2023"]
[Source "ChessBase"]
[SourceDate "2022.10.05"]
[SourceVersion "1"]
[SourceVersionDate "2022.10.05"]
[SourceQuality "1"]

1. Nf3 g6 2. d4 Bg7 3. c3 d6 4. h3 Nf6 5. Bf4 Nbd7 6. e3 0-0 7. Bh2 c5 8. Be2 b6 9. 0-0 Bb7 10. Nbd2 Qc7 11. a4 a6 12. Re1 Rac8 13. Qb1 Qb8 14. Bf1 Qa8 15. Qa2 Ne4 16. Nxe4 Bxe4 17. Nd2 Bb7 18. Rac1 Nf6 19. Bg3 h5 20. Bh2 h4 21. Bf4 Nd5 22. Bh2 Bh6 23. Nf3 g5 24. e4 Nf6 25. d5 g4 26. hxg4 Bxc1 27. Rxc1 Nxe4 28. c4 b5 29. Qb1 Nf6 30. b3 bxc4 31. bxc4 Rb8 32. Qf5 Rfd8 33. g5 Ne8 34. g6 fxg6 35. Qxg6+ Ng7 36. Ng5 Bc8 37. Qh7+ Kf8 38. Qh8# 1-0

[Event "Titled Tuesday intern op 14th Dec"]
[Site "Chess.com INT"]
[Date "2021.12.14"]
[Round "8"]
[White "Gedgafov, Chamal"]
[Black "Sadilek, Peter"]
[Result "1/2-1/2"]
[WhiteElo "2198"]
[BlackElo "2354"]
[PlyCount "124"]
[EventDate "2021.12.14"]
[EventType "swiss (blitz)"]
[EventRounds "11"]
[EventCountry "USA"]
[SourceTitle "EXT 2023"]
[Source "ChessBase"]
[SourceDate "2022.10.05"]
[SourceVersion "1"]
[SourceVersionDate "2022.10.05"]
[SourceQuality "1"]

1. e4 d6 2. d4 Nf6 3. Nc3 g6 4. f3 c6 5. Be3 b5 6. Qd2 Nbd7 7. h4 h6 8. Nge2 Bb7 9. Ng3 h5 10. Be2 Bg7 11. a4 b4 12. Nd1 c5 13. c3 bxc3 14. bxc3 Qa5 15. Nf2 0-0 16. 0-0 cxd4 17. cxd4 Qxd2 18. Bxd2 Rfc8 19. Rfc1 Ne8 20. Be3 Nc7 21. Nf1 Ne6 22. Rd1 Rc3 23. Rab1 Bc8 24. d5 Nec5 25. Bd4 Bxd4 26. Rxd4 Rb8 27. Rxb8 Nxb8 28. Nd1 Ra3 29. Kf2 Ba6 30. Bxa6 Nbxa6 31. Nfe3 Ra2+ 32. Kg3 Nxa4 33. Rc4 N4c5 34. Nc3 Ra5 35. Rd4 Nc7 36. Nc4 Ra1 37. Rd1 Rxd1 38. Nxd1 Kf8 39. Kf4 Nd3+ 40. Ke3 Nc5 41. Nc3 Ke8 42. g4 Kd7 43. gxh5 gxh5 44. Kd2 e6 45. Ne3 exd5 46. exd5 Ne8 47. Nf5 a5 48. Kc2 a4 49. Kb2 Nd3+ 50. Ka3 Ne5 51. Nd4 Ng6 52. Kxa4 Nxh4 53. Ne4 Ng6 54. Ng5 Ke7 55. Nc6+ Kf6 56. Nh3 Kf5 57. Kb5 h4 58. Kc4 Nf6 59. Nd4+ Ke5 60. Nc6+ Kf5 61. Nd4+ Ke5 62. Nc6+ Kf5 1/2-1/2

[Event "Titled Tuesday intern op 14th Dec"]
[Site "Chess.com INT"]
[Date "2021.12.14"]
[Round "7"]
[White "Novikova, Galina"]
[Black "Gedgafov, Chamal"]
[Result "1-0"]
[WhiteElo "2073"]
[BlackElo "2198"]
[PlyCount "79"]
[EventDate "2021.12.14"]
[EventType "swiss (blitz)"]
[EventRounds "11"]
[EventCountry "USA"]
[SourceTitle "EXT 2023"]
[Source "ChessBase"]
[SourceDate "2022.10.05"]
[SourceVersion "1"]
[SourceVersionDate "2022.10.05"]
[SourceQuality "1"]

1. e4 e5 2. Nf3 Nf6 3. Nxe5 d6 4. Nc4 Nxe4 5. Qe2 Qe7 6. Ne3 c6 7. g3 g6 8. d4 Bg7 9. c3 0-0 10. Bg2 h5 11. 0-0 d5 12. Nd2 Nxd2 13. Bxd2 Na6 14. Rfe1 Nc7 15. Qd1 Qd8 16. Qc1 Ne6 17. Nc2 h4 18. Bh6 hxg3 19. hxg3 Bd7 20. Bxg7 Kxg7 21. Qe3 Qg5 22. Qe5+ Qxe5 23. Rxe5 Rfe8 24. Rae1 Nc7 25. f4 f6 26. Re7+ Kf8 27. Rxd7 Rxe1+ 28. Nxe1 Rc8 29. Nd3 Ne8 30. Rxb7 a6 31. Nc5 Nd6 32. Ne6+ Ke8 33. Ra7 Nc4 34. b3 Ne3 35. Bh3 f5 36. Rxa6 Ke7 37. Nc5 Rb8 38. Ra7+ Ke8 39. a4 Nd1 40. Rh7 1-0

[Event "Titled Tuesday intern op 07th Dec"]
[Site "Chess.com INT"]
[Date "2021.12.07"]
[Round "8"]
[White "Gedgafov, Chamal"]
[Black "Bures, Vit"]
[Result "0-1"]
[WhiteElo "2198"]
[BlackElo "2119"]
[PlyCount "122"]
[EventDate "2021.12.07"]
[EventType "swiss (blitz)"]
[EventRounds "11"]
[EventCountry "USA"]
[SourceTitle "CBM 205 Extra"]
[Source "ChessBase"]
[SourceDate "2022.01.31"]
[SourceVersion "1"]
[SourceVersionDate "2022.01.31"]
[SourceQuality "1"]

1. d4 d5 2. Bf4 c5 3. e3 Nc6 4. c3 Nf6 5. Nf3 Qb6 6. Qb3 c4 7. Qc2 Bf5 8. Qc1 Nh5 9. Bg3 Nxg3 10. hxg3 g6 11. Be2 Bg7 12. Nbd2 0-0 13. Bd1 e5 14. Bc2 Bxc2 15. Qxc2 exd4 16. Nxd4 Nxd4 17. cxd4 Qd6 18. 0-0 b5 19. g4 Rfe8 20. g3 Rac8 21. Kg2 b4 22. Rh1 c3 23. Nf3 a5 24. Rac1 Qa6 25. Qb3 cxb2 26. Qxb2 Rc4 27. Nd2 Rcc8 28. Qb3 Qe6 29. Nf3 Qe4 30. g5 Red8 31. Rxc8 Rxc8 32. Rh4 Qe6 33. Rf4 Qc6 34. a3 Qc4 35. Qb1 Qc2 36. Qxc2 Rxc2 37. axb4 axb4 38. Ne1 b3 39. e4 b2 40. Nxc2 b1Q 41. Ne3 dxe4 42. d5 Qd3 43. Rh4 Bd4 44. Ng4 e3 45. fxe3 Bxe3 46. Nf6+ Kf8 47. Rxh7 Ke7 48. Rh8 Bxg5 49. Ng4 Qxd5+ 50. Kf2 Ke6 51. Re8+ Be7 52. Ne3 Qc5 53. Ra8 Kf6 54. Ra6+ Kg7 55. g4 Qd4 56. Ra2 Bc5 57. Re2 g5 58. Kf3 Qf4+ 59. Kg2 Bxe3 60. Re1 Qxg4+ 61. Kh1 Qh3# 0-1